| 000 | 01549cam a2200481 a 4500 | ||
|---|---|---|---|
| 001 | 21427 | ||
| 003 | VRT | ||
| 005 | 20260302102626.0 | ||
| 008 | 240318s2016 xr a b 000 1 slo | ||
| 015 | _aSNBZSA2016/10 | ||
| 020 |
_a9788074514975 _q(viazané) |
||
| 035 | _a2429CA87-6464-4A92-8BD7-06C034C88D35 | ||
| 035 | _aurn:nbn:sk:snk-amtgxa | ||
| 035 | _aurn:nbn:sk:snk-am00c31k | ||
| 039 | 9 |
_a202403182200 _bVLOAD _c201907052212 _dAUTHORITY _c201712151327 _dVLOAD _c201612121333 _dmtotk19 |
|
| 040 |
_aPOKPOH _bslo _cPOKPOH _dSNK _eAACR2 |
||
| 041 | 1 |
_aslo _hcze |
|
| 044 |
_axr _cCZ |
||
| 072 | 7 |
_a821.162.3 _xČeská literatúra _2konspekt |
|
| 072 | 7 |
_a821-93 _xLiteratúra pre deti a mládež (beletria) _2konspekt |
|
| 080 |
_a821.162.3-34 _22011 |
||
| 080 |
_a82-93-053.2 _22011 |
||
| 100 | 1 |
_aKaftanová, Irena, _d1951- _4aut |
|
| 245 | 1 | 0 |
_aOd rozprávky k rozprávke _cIrena Kaftanová ; ilustrácie Josef Quis |
| 260 |
_aPraha _bOttovo nakladatelství _c2016 |
||
| 300 |
_a128 s. _bilustr. _c31 cm |
||
| 655 | 7 |
_ačeské rozprávky _2SNKPH |
|
| 655 | 7 |
_apublikácie pre deti _2SNKPH |
|
| 655 | 7 |
_aCzech fairy tales _2SNKPHeng |
|
| 655 | 7 |
_aChildren's literature _2SNKPHeng |
|
| 700 | 1 |
_aQuis, Josef, _d1964- _4ill |
|
| 910 | _apokpoh | ||
| 910 | _apppk | ||
| 910 | _asllk | ||
| 910 | _ahevk | ||
| 910 | _askpk | ||
| 910 | _abjkdg | ||
| 910 | _avthk | ||
| 910 | _asnk | ||
| 910 | _atotk | ||
| 942 |
_2ddc _cKLDE _n0 |
||
| 949 |
_617A1208043 _asnkSB 90616 _bsnk2016/21748 _oPemic78-ah/53Int. č. fa – 64/2016 _s6100:20161212 |
||
| 999 |
_c21427 _d21427 |
||